00315nam a2200121Ia 4500008004100000020001500041041001200056100001600068245006000084260003100144300000800175650001000183221030s9999 xx 000 0 und d a8180141128 aEnglish aK. R. Arora 0aSoil Mechanics & Foundation Engineeringcby K. R. Arora bStandard Pub.aDelhic2017 a953 aCivil